<The> 7 Kata Toyota Kata, TWI, and lean training
Gespeichert in:
| 1. Verfasser: | |
|---|---|
| Weitere Verfasser: | |
| Format: | Buch |
| Sprache: | Englisch |
| Veröffentlicht: |
Boca Raton
CRC Press/Taylor & Francis Group
2012
|
| Schlagworte: | |
| Tags: |
Keine Tags, Fügen Sie das erste Tag hinzu!
|
MARC
| LEADER | 00000nam a2200000 4500 | ||
|---|---|---|---|
| 001 | 0207146 | ||
| 005 | 20240306140511.2 | ||
| 020 | |a 978-1-4398-8077-7 | ||
| 041 | 0 | |a eng | |
| 044 | |a US | ||
| 245 | 1 | 0 | |a <The> 7 Kata |b Toyota Kata, TWI, and lean training |c Conrad Soltero, Patrice Boutier |
| 264 | 1 | |a Boca Raton |b CRC Press/Taylor & Francis Group |c 2012 | |
| 300 | |a 165 s. | ||
| 610 | 2 | 0 | |a organizácia |
| 610 | 2 | 0 | |a podnik |
| 610 | 2 | 0 | |a zamestnanci |
| 610 | 2 | 0 | |a efektívnosť práce |
| 610 | 2 | 0 | |a školenie odborné |
| 610 | 2 | 0 | |a zručnosti |
| 610 | 2 | 0 | |a zmeny organizačné |
| 610 | 2 | 0 | |a transformácia podniku |
| 610 | 2 | 0 | |a stratégia podniková |
| 610 | 2 | 0 | |a riadenie podnikové |
| 610 | 2 | 0 | |a riadenie zmien |
| 100 | 1 | |a Soltero, Conrad | |
| 700 | 1 | |a Boutier, Patrice | |